000 00574nam a2200241 a 4500
001 nice12345678
003 IN_TiNIC
005 20260116011527.0
008 050524s1946 newa grp 000 0 eng
020 _a
_c100
082 0 0 _a371.97
_bROB
100 _aRobinson, Francis P
245 _aEffective Study
260 _aNew York
_bHarcourt Brace and Company
_c1946
300 _a262p
500 _aincludes index and biblioraphy
505 2 _aindex
650 _aEducation
700 1 _aRobinson, Francis P
902 _bSRS
942 _cBK
999 _c2333
_d2333